Almanaque universal : (Record no. 1343)

MARC details
000 -LEADER
campo de control de longitud fija 01145nas a2200265 i 4500
001 - NÚMERO DE CONTROL
campo de control 1343
003 - IDENTIFICADOR DE NÚMERO DE CONTROL
campo de control ES-MaACL
005 - FECHA Y HORA DE LA ÚLTIMA TRANSACCIÓN
campo de control 20250709054509.0
007 - CAMPO FIJO DE DESCRIPCIÓN FÍSICA--INFORMACIÓN GENERAL
campo de control de longitud fija t|
008 - DATOS DE LONGITUD FIJA--INFORMACIÓN GENERAL
campo de control de longitud fija 160704d18501866sp ar p | 1 |spa d
040 ## - FUENTE DE CATALOGACIÓN
Centro catalogador/agencia de origen ES-MaACL
245 00 - MENCIÓN DEL TÍTULO
Título Almanaque universal :
Resto del título arreglado según los datos suministrados por el Observatorio Astronómico de Marina en la ciudad de San Fernando, comprende las provincias de Madrid, Toledo, Ciudad-Real, Cuenca y Guadalajara /
Mención de responsabilidad, etc. dirigida la parte literaria por Augusto Anguita.
260 ## - PUBLICACIÓN, DISTRIBUCIÓN, ETC.
Lugar de publicación, distribución, etc. Madrid :
Nombre del editor, distribuidor, etc. [s.n.],
Fecha de publicación, distribución, etc. [1850]-
Fabricante (Est. tip. de Estrada, Díaz y López)
300 ## - DESCRIPCIÓN FÍSICA
Extensión 1 volumen :
Otras características físicas ilustraciones ;
Dimensiones 20 cm.
310 ## - PERIODICIDAD ACTUAL
Periodicidad actual Anual
530 ## - NOTA DISPONIBLE DE FORMULARIO FÍSICO ADICIONAL
Nota de formato físico adicional disponible Disponible en formato digital
655 #0 - TERMINO DE INDIZACIÓN--GENERO/FORMA
Datos o término principal de género/forma Almanaques
9 (RLIN) 241262
700 1# - ENTRADA AGREGADA--NOMBRE PERSONAL
Nombre de persona Anguita, Augusto
Término indicativo de función/relación Colaborador
9 (RLIN) 194170
710 2# - ENTRADA AGREGADA--NOMBRE DE ENTIDAD CORPORATIVA
Nombre de entidad corporativa o nombre de jurisdicción como elemento de entrada Observatorio Astronómico de San Fernando.
Término indicativo de función/relación entidad responsable
9 (RLIN) 165775
852 2# - LOCALIZACIÓN
Ubicación BA
Número de control de estantería Fol-Laf-436
Ubicación en estantería Depósito folletos
856 4# - LOCALIZACIÓN Y ACCESO ELECTRÓNICOS
Identificador Uniforme de Recursos <a href="https://prensahistorica.mcu.es/es/consulta/registro.do?id=1029733">https://prensahistorica.mcu.es/es/consulta/registro.do?id=1029733</a>
Texto de enlace Versión en línea
Nota pública (Biblioteca Virtual de Prensa Histórica)
866 #0 - MENCIÓN TEXTUAL DE FONDOS--UNIDAD BIBLIOGRÁFICA BÁSICA
Fondos 1866.
942 ## - ELEMENTOS DE ENTRADA SECUNDARIOS (KOHA)
Fuente del sistema de clasificación o colocación Clasificación decimal universal
Tipo de ítem Koha Revista
Suprimir en OPAC No
955 ## - CATALOGADOR - EDICIÓN
Nombre de catalogador Pilar Fernández Vera
Holdings
Estatus retirado Estado de pérdida Fuente del sistema de clasificación o colocación Estado de daño No para préstamo Colección Biblioteca de origen Biblioteca actual Ubicación en estantería Fecha de adquisición Total de préstamos Signatura topográfica completa Código de barras Visto por última vez Tipo de ítem Koha
    Clasificación decimal universal     Colección de folletos Biblioteca del Ateneo de Madrid Biblioteca del Ateneo de Madrid Depósito folletos 04/07/2016   Fol-Laf-436 1195553 23/02/2023 Revista